Składy NBA w sezonie 2024/2025 - Statystyki

Ogólne statystyki
  • Ten quiz został rozwiązany 239 razy
  • Średni wynik to 68 z 150
Statystyki odpowiedzi
Odpowiedź % Poprawnych
LeBron James
90%
Jayson Tatum
84%
Luka Dončić
84%
Nikola Jokić
84%
Stephen Curry
84%
Giannis Antetokounmpo
83%
Ja Morant
81%
James Harden
80%
Jaylen Brown
79%
Kevin Durant
79%
Jalen Duren
78%
LaMelo Ball
77%
Anthony Davis
75%
Shai Gilgeous-Alexander
75%
Anthony Edwards
74%
Donovan Mitchell
74%
Damian Lillard
72%
Karl-Anthony Towns
72%
Trae Young
72%
Derrick White
71%
Devin Booker
71%
Coby White
70%
Draymond Green
70%
Kawhi Leonard
70%
Austin Reaves
69%
Jalen Brunson
69%
Jalen Williams
69%
Mark Williams
69%
Patrick Williams
69%
Tyrese Haliburton
69%
Ziaire Williams
69%
Jalen Green
68%
Victor Wembanyama
68%
Jamal Murray
66%
Jimmy Butler
66%
Josh Green
66%
Tyrese Maxey
66%
Kyrie Irving
65%
Paolo Banchero
65%
Bam Adebayo
64%
Dejounte Murray
64%
Keegan Murray
64%
Domantas Sabonis
62%
Zion Williamson
61%
Klay Thompson
60%
Paul George
60%
Kyshawn George
59%
Rudy Gobert
59%
Tyler Herro
59%
Chris Paul
58%
Amen Thompson
57%
Ausar Thompson
57%
Brook Lopez
57%
Ivica Zubac
57%
Jrue Holiday
57%
Kristaps Porziņģis
57%
Zach LaVine
57%
Aaron Gordon
56%
Josh Hart
56%
Rui Hachimura
55%
Cade Cunningham
54%
Chet Holmgren
54%
Franz Wagner
54%
Jaren Jackson Jr.
54%
Jarrett Allen
52%
Brandin Podziemski
51%
Darius Garland
51%
Pascal Siakam
51%
Evan Mobley
50%
Josh Giddey
50%
DeMar DeRozan
49%
Desmond Bane
49%
Lauri Markkanen
49%
Mikal Bridges
49%
Miles Bridges
49%
Michael Porter Jr.
48%
Scottie Barnes
47%
Harrison Barnes
46%
Kyle Kuzma
46%
Alperen Şengün
45%
Nikola Vučević
45%
Julius Randle
44%
Isaiah Hartenstein
41%
Jordan Poole
40%
Stephon Castle
40%
Zach Edey
40%
Myles Turner
39%
Jaxson Hayes
38%
Khris Middleton
37%
Luguentz Dort
37%
Mike Conley
36%
Cameron Johnson
35%
Fred VanVleet
34%
Jalen Johnson
34%
Keon Johnson
34%
OG Anunoby
34%
Andrew Wiggins
33%
Christian Braun
31%
Jaden McDaniels
31%
Dillon Brooks
30%
Alex Sarr
28%
Dyson Daniels
28%
Malik Monk
28%
Max Strus
28%
Norman Powell
28%
Anfernee Simons
27%
D'Angelo Russell
27%
Jalen Suggs
27%
Collin Sexton
26%
Tobias Harris
26%
Daniel Gafford
25%
Derrick Jones Jr.
25%
P.J. Washington
25%
Deandre Ayton
24%
Devin Vassell
24%
Tyus Jones
24%
Zaccharie Risacher
24%
Matas Buzelis
23%
Nic Claxton
23%
Walker Kessler
22%
Gradey Dick
21%
Andrew Nembhard
20%
Brandon Miller
20%
Bennedict Mathurin
19%
CJ McCollum
19%
K. Caldwell-Pope
19%
Kel'el Ware
19%
Wendell Carter Jr.
19%
Moses Moody
18%
RJ Barrett
18%
Deni Avdija
17%
Guerschon Yabusele
17%
John Collins
17%
Tim Hardaway Jr.
17%
Duncan Robinson
16%
Jaylen Wells
16%
Kelly Oubre Jr.
16%
Onyeka Okongwu
16%
Quentin Grimes
16%
Tauren Prince
16%
Jakob Poeltl
15%
Ryan Dunn
14%
Trey Murphy III
14%
Isaiah Collier
13%
Jerami Grant
13%
Nick Richards
12%
Yves Missi
10%
Toumani Camara
8%
Bilal Coulibaly
7%
Ochai Agbaji
4%
Nie znaleziono quizów pasujących do podanych kryteriów
Rozkład punktacji
Procent ludzi z każdym wynikiem
Percentyl według liczby udzielonych odpowiedzi
Twoja historia wyników
Nie rozwiązałeś tego quizu